| 000 | 01065cam a2200313 i 4500 | ||
|---|---|---|---|
| 001 | 200453026 | ||
| 999 |
_c200453026 _d71238 |
||
| 003 | TR-AnTOB | ||
| 005 | 20240828073827.0 | ||
| 007 | ta | ||
| 008 | 230426s2023 tu z000 0 tur d | ||
| 020 | _a9786056803178 | ||
| 040 |
_aTR-AnTOB _beng _erda _cTR-AnTOB |
||
| 041 | 0 | _atur | |
| 050 | 1 | 4 |
_aJQ1809.A8 _bİ55 2023 |
| 090 |
_aJQ1809.A83 _bİ55 2023 |
||
| 245 | 0 | 0 |
_aİkinci yüzyıla çağrı beyannamesi : _biktidar kurultayı 25-26 Temmuz 2020 / _cCumhuriyet Halk Partisi. |
| 250 | _a1. baskı Mart 2023 | ||
| 264 | 1 |
_aAnkara : _bCumhuriyet Halk Partisi Yayınları, _c2023. |
|
| 300 |
_a23 pages ; _c23 cm |
||
| 336 |
_atext _btxt _2rdacontent |
||
| 337 |
_aunmediated _bn _2rdamedia |
||
| 338 |
_avolume _bnc _2rdacarrier |
||
| 610 | 2 | 0 |
_aCumhuriyet Halk Partisi (Türkiye) _926643 |
| 650 | 7 |
_aSiyasal partiler _zTürkiye _2etuturkob _945613 |
|
| 710 | 2 |
_aCumhuriyet Halk Partisi (Türkiye) _926643 |
|
| 856 |
_uhttps://chp.org.tr/yayin/ikinci-yuzyila-cagri-beyannamesi/Open _zpdf |
||
| 942 |
_2lcc _cBK |
||